Strong Acids and Bases - Statistics

General Stats
  • This quiz has been taken 219 times
  • The average score is 9 of 15
Answer Stats
Hint Answer % Correct
Strong Acid HCl
96%
Strong Acid H2SO4
88%
Strong Acid HNO3
79%
Strong Base NaOH
77%
Strong Acid HBr
70%
Strong Base KOH
69%
Strong Acid HI
66%
Strong Acid HClO3
60%
Strong Base LiOH
55%
Strong Acid HClO4
54%
Strong Base Ca(OH)2
50%
Strong Base CsOH
49%
Strong Base Ba(OH)2
48%
Strong Base RbOH
45%
Strong Base Sr(OH)2
43%
No matching quizzes found
Score Distribution
Percent of People with Each Score
Percentile by Number Answered
Your Score History
You have not taken this quiz